000 00544nam a2200169 i 4500
001 20548
003 ES-MaACL
007 t|
008 021114s1981 sp ||||1| spa d
100 1 _aAhmad, Khurshid.
_918939
245 1 3 _aLa familia islámica /
_cKhurshid Ahmad ; [traducido por Flora Solana].
260 _a[Madrid] :
_bAsociación Musulmana en España,
_c[1981]
300 _a72 p. ;
_c18 cm.
700 1 _aSolana, Flora.
_9107066
710 2 _aAsociación Musulmana en España (
_cMadrid)
_91754
852 _aES-MaACL
_jL-4412
_bR.105132
999 _c20548
_d20548